000 00336nam a2200133Ia 4500
008 240624s9999 xx 000 0 und d
041 _aeng
082 _a158.7 SHA
100 _aSHARMA SHAKTI
245 _aTEARLESS EYES FEARLESS HEADS
260 _c2000
_aNew Delhi
_bMacmillan
300 _axvi, : 167 : p. : cm. ; 25
365 _cRS
_b35
999 _c8143
_d8143